Statistics for Call of Duty 4: Modern Warfare Weapons

Click here to take the quiz!

General Stats

  • This quiz has been taken 6 times
  • The average score is 18 of 29

Answer Stats

AnswerHint% Correct
Desert EagleSide Arm
100%
M1911 .45Side Arm
100%
M9Side Arm
100%
MP5Submachine Gun
100%
AK-47Assault Rifle
80%
AK-74uSubmachine Gun
80%
M1014Shotgun
80%
M16A4Assault Rifle
80%
M21Sniper Rifle
80%
M4 Carbine/M4A1Assault Rifle
80%
USP .45Side Arm
80%
G3Assault Rifle
60%
G36CAssault Rifle
60%
M249 SAWLight Machine Gun
60%
Mini-UziSubmachine Gun
60%
R700Sniper Rifle
60%
RPDLight Machine Gun
60%
RPG-7Rocket Launcher
60%
SkorpionSubmachine Gun
60%
Barrett .50calSniper Rifle
40%
DragunovSniper Rifle
40%
FGM-148 JavelinRocket Launcher - Campaign Only
40%
FIM-92 StingerRocket Launcher - Campaign Only
40%
M14Assault Rifle
40%
M40A3Sniper Rifle
40%
M60E4Light Machine Gun
40%
P90Submachine Gun
40%
W1200Shotgun
40%
MP44Assault Rifle
20%

Score Distribution

Percentile by Number Answered

Percent of People with Each Score

Your Score History

You have not taken this quiz